| 000 | 01533nam0a2200325 4500 | ||
|---|---|---|---|
| 001 | RU\NLR\bibl\808412 | ||
| 005 | 20250614132017.0 | ||
| 010 |
_a5-94646-069-2 _9200 |
||
| 021 |
_aRU _b2005-13599 _9689 |
||
| 035 | _a(NLR Aleph) 000797501 | ||
| 090 |
_a1160307 _c1160307 |
||
| 100 | _a20050609d2005 |||y0rusy50 ca | ||
| 101 | 0 | _arus | |
| 102 | _aRU | ||
| 105 | _aa ||||||||| | ||
| 200 | 1 |
_aФормирование центров инновационной активности на Урале: теория и практика _fА.Ф. Суховей, И.М. Голова, С.В. Кортов _gРос. акад. наук, Урал. отд-ние, Ин-т экономики |
|
| 210 |
_aЕкатеринбург _cИнститут экономики УрО РАН _d2005 |
||
| 215 |
_a121 с. _cил. _d20 |
||
| 320 | _aБиблиогр. в подстроч. прим. | ||
| 606 | 1 |
_aИнновационная деятельность _yУральский федеральный округ _92295166 _3RU\NLR\auth\661374360 |
|
| 686 | _aУ9(2)-55(2Р36) | ||
| 700 | 1 |
_4070 _aСуховей _bА. Ф. _cд-р филос. наук, экономика, политика _gАлла Филипповна _9180002 _3RU\NLR\AUTH\770180053 |
|
| 701 | 1 |
_aГолова _bИ. М. _gИрина Марковна _4070 |
|
| 701 | 1 |
_aКортов _bС. В. _gСергей Всеволодович _4070 |
|
| 801 | 0 |
_aRU _bNLR _c20050609 _gPSBO |
|
| 801 | 1 |
_aRU _bNLR _c20050609 |
|
| 942 | _cBOOK | ||
| 980 | _aNB | ||